My gift /

Bibliographic Details
Main Author: Elder, Cyrus, 1833-1912
Format: Microform Book
Language:English
Published: New York : N. Tibbals & Co., 1867.

MARC

Tag First Indicator Second Indicator Subfields
LEADER 00000cam a2200000 a 4500
001 in00001369293
005 20151006073656.0
007 hd afu---baca
008 860529s1867 nyu a 000 0 eng d
035 |a (OCoLC)13655103 
035 |9 AHH7830AM 
040 |a POG  |c POG  |d UtOrBLW 
049 |a TXAI 
090 |a PS586  |b .A450 pt. 3, no. 1041 
099 |a film  |a B  |a 3870  |a  Segment III, no. 1041) 
100 1 |a Elder, Cyrus,  |d 1833-1912. 
245 1 0 |a My gift /  |c Cyrus Elder. 
264 1 |a New York :  |b N. Tibbals & Co.,  |c 1867. 
300 |a 2 prelim leaves, [vii]-viii, 9-104 pages ;  |c 19 cm. 
336 |a text  |b txt  |2 rdacontent 
337 |a microform  |b h  |2 rdamedia 
338 |a microfilm reel  |b hd  |2 rdacarrier 
500 |a Poems. 
533 |a Microfilm.  |b Woodbridge, Conn. :  |c Research Publications,  |d 1977.  |e 1 microfilm reel ; 35 mm.  |f (American Poetry, 1609-1900 ; Segment III, no. 1041) 
539 |a s  |b 1977  |d ctu  |e n 
500 |a Microform. 
999 |a MARS 
999 f f |s 4fc9c90b-0546-3f58-803e-8972463b58fe  |i 9eb4321c-3fd2-3d49-b81e-70e8da28379a  |t 0 
952 f f |p default  |a Texas A&M University  |b College Station  |c Sterling C. Evans Library  |d Evans: Microforms (3rd floor)  |t 0  |e film B 3870 Segment III, no. 1041  |h Other scheme  |i microform -- microfilm reel 
998 f f |a film B 3870 Segment III, no. 1041  |t 0  |l Evans: Microforms (3rd floor)